Production and fish paste (prohok)market in kampong chhang and siem reap province, ផលិតកម្ម និង ចរាចរផលតិផលប្រហុកនៅ ខេត្តកំពង់ឆ្នំាង និង ខេត្តសៀមរាប. (Record no. 3983)
[ view plain ]
| 000 -LEADER | |
|---|---|
| fixed length control field | 00667nam a22001577a 4500 |
| 003 - CONTROL NUMBER IDENTIFIER | |
| control field | OSt |
| 005 - DATE AND TIME OF LATEST TRANSACTION | |
| control field | 20151204111257.0 |
| 008 - FIXED-LENGTH DATA ELEMENTS--GENERAL INFORMATION | |
| fixed length control field | 151204b xxu||||| |||| 00| 0 eng d |
| 040 ## - CATALOGING SOURCE | |
| Transcribing agency | RUA |
| 082 ## - DEWEY DECIMAL CLASSIFICATION NUMBER | |
| Classification number | FIS OUM 2007 B179 Or.1 |
| 100 ## - MAIN ENTRY--PERSONAL NAME | |
| 9 (RLIN) | 4268 |
| Personal name | OUM SAMKADA; អ៊ុំ សក្ដា. |
| 245 ## - TITLE STATEMENT | |
| Title | Production and fish paste (prohok)market in kampong chhang and siem reap province, ផលិតកម្ម និង ចរាចរផលតិផលប្រហុកនៅ ខេត្តកំពង់ឆ្នំាង និង ខេត្តសៀមរាប. |
| 260 ## - PUBLICATION, DISTRIBUTION, ETC. (IMPRINT) | |
| Place of publication, distribution, etc. | Phnom Penh |
| Name of publisher, distributor, etc. | RUA |
| Date of publication, distribution, etc. | 2007 |
| 300 ## - PHYSICAL DESCRIPTION | |
| Extent | x; 42p. |
| Other physical details | ill. |
| Dimensions | 29cm. |
| 942 ## - ADDED ENTRY ELEMENTS (KOHA) | |
| Source of classification or shelving scheme | |
| Koha item type | FIS |
| Price effective from | Date last seen | Permanent Location | Not for loan | Date acquired | Source of classification or shelving scheme | Koha item type | Lost status | Withdrawn status | Date last checked out | Total Checkouts | Shelving location | Damaged status | Barcode | Current Location | Full call number |
|---|---|---|---|---|---|---|---|---|---|---|---|---|---|---|---|
| 2015-12-04 | 2015-12-04 | Library Block B | 2015-12-04 | FIS | B179 | RUA010892 | Library Block B | FIS OUM 2007 B179 Or.1 | |||||||
| 2015-12-04 | 2022-11-25 | Library Block B | 2015-12-04 | FIS | 2022-11-02 | 1 | B179 | RUA027430 | Library Block B | FIS OUM 2007 B179 Or.2 | |||||
| 2015-12-04 | 2016-06-07 | Library Block B | 2015-12-04 | FIS | 2016-04-27 | 1 | B179 | RUA018659 | Library Block B | FIS OUM 2007 B179 Or.3 | |||||
| 2015-12-04 | 2025-04-21 | Library Block B | 2015-12-04 | FIS | 2025-03-18 | 2 | B179 | RUA038486 | Library Block B | FIS OUM 2007 B179 Or.4 | |||||
| 2015-12-04 | 2015-12-04 | Library Block B | 2015-12-04 | FIS | B179 | RUA028787 | Library Block B | FIS OUM 2007 B179 Or.5 |